| 000 | 00599nam a2200217 i 4500 | ||
|---|---|---|---|
| 001 | 17653 | ||
| 003 | ES-MaACL | ||
| 005 | 20250315062545.0 | ||
| 007 | t| | ||
| 008 | 010419s2000 sp ||||1| spa d | ||
| 020 | _a84-321-3325-6 | ||
| 080 | _a821.134.2-14"19" | ||
| 100 | 1 |
_aBarrero Rodríguez, Enrique. _925945 |
|
| 245 | 1 | 3 |
_aEl tiempo en las orillas / _cEnrique Barrero Rodríguez. |
| 260 |
_aMadrid : _bRialp, _c[2000] |
||
| 300 |
_a41 p. ; _c18 cm. |
||
| 490 | 1 |
_aAdonais ; _v552 |
|
| 830 | 0 | 0 |
_aAdonáis _v552 _9173743 |
| 852 |
_aES-MaACL _jJ-23-552 _bR.129829 |
||
| 999 |
_c17653 _d17653 |
||